000
00207 a2200097 4500
001
46852
100
_a
Hemingway E
245
_a
Men at war
260
_a
New York
_b
Bramhall house
_c
090
_c
29939
_d
29939
942
_a
NUST-CAE
_c
M
_c
22156
999
_c
281925
_d
281925